000 00745nam a2200217Ia 4500
003 GCL
008 140319s9999 xx 000 0 ara d
040 _aGCL /
_cGCL
082 0 4 _a251.12
_bع ا
100 1 _aعبدالحكم عبداللطيف الصعيدى
245 1 0 _aالاعتدال فيما شاع بين البدعة من اقوال /
_cعبدالحكم عبداللطيف الصعيدى
260 _a[S.N] :
_bمركز الكتاب للنشر ،
_c1993
300 _a46 ص
490 _aاسلاميات
_v0
650 0 4 _aالاسلام
650 0 4 _aالحديث
650 0 4 _aالاخلاق الاسلامية
650 0 4 _aالاداب الاسلامية
650 0 4 _aالبدع فى الاسلام
942 _2ddc
_cBK
999 _c29780
_d29780